El espanto en la montaña
Gespeichert in:
| 1. Verfasser: | |
|---|---|
| Format: | Buch |
| Sprache: | Spanisch |
| Veröffentlicht: |
Buenos Aires
Argonauta
1946
|
| Schriftenreihe: | Biblioteca moderna
|
| Schlagworte: | |
| Tags: |
Tag hinzufügen
Keine Tags, Fügen Sie den ersten Tag hinzu!
|
MARC
| LEADER | 00000nam a2200000 a 4500 | ||
|---|---|---|---|
| 001 | UCX2736 | ||
| 003 | CL-VaPUC | ||
| 008 | 910807e19460000AG |||||||||||||||||spa|d | ||
| 082 | 0 | 4 | |a 843 |b RAM |2 21 |
| 100 | 0 | |a Ramuz, Charles Ferdinand |e author |9 318805 | |
| 245 | 1 | 3 | |a El espanto en la montaña |
| 300 | |a 164 p | ||
| 942 | |c BK | ||
| 945 | |d 19910807 00:00:00 | ||
| 260 | |a Buenos Aires |b Argonauta |c 1946 | ||
| 650 | 0 | |a Novela francesa |9 264985 | |
| 583 | |a last modification |c 19910807 00:00:00 |k Rodrigo Vera | ||
| 490 | 0 | |a Biblioteca moderna | |
| 999 | |c 223685 |d 223683 | ||
| 952 | |0 0 |1 0 |4 0 |6 843_000000000000000_RAM_1946 |7 0 |8 A |9 219709 |a BIBEDU |b BIBEDU |d 2019-11-15 |i 2884194 |o 843 RAM 1946 |p 2884194 |r 2019-11-15 |w 2019-11-15 |y BK |k LIT | ||